| 000 | 00880nam a22003137a 4500 | ||
|---|---|---|---|
| 001 | 4993427 | ||
| 003 | OSt | ||
| 005 | 20140310181709.0 | ||
| 008 | 981127s1997 ph a 000 0 eng | ||
| 010 | _a 98947522 | ||
| 020 | _a9716300808 (pbk.) | ||
| 020 | _a9716300816 (hard) | ||
| 040 |
_aDLC _cDLC |
||
| 042 | _alcode | ||
| 050 | 0 | 0 |
_aMLCS 93/00422 (G) _bY83 1997 |
| 082 | _a GT3405.P6 . | ||
| 100 | _aCruz, Neni Sta. Romana | ||
| 245 | 0 | 0 |
_aYou know you're Filipino if... : _ba Pinoy primer / _cNeni Sta. Romana-Cruz |
| 246 | 3 | 0 | _aPinoy primer |
| 260 |
_aManila : _bTahanan Books, _c1997. |
||
| 300 |
_a85 p. : _bcol. ill. ; _c20 cm. |
||
| 526 | _c880L-960L | ||
| 562 | _e1 | ||
| 700 | 1 |
_aCruz, Neni Sta. Romana- _q(Neni Santa Romana-) |
|
| 906 |
_a7 _bcbc _corigode _d4 _encip _f19 _gy-gencatlg |
||
| 942 |
_2lcc _cBK _kFIL |
||
| 999 |
_c1485 _d1485 |
||